[Event "30th WCh U20 Girls"]
[Site "Athens GRE"]
[Date "2012.08.08"]
[Round "7"]
[White "Edes, Zsofia"]
[Black "Owens, Megan"]
[Result "1/2-1/2"]
[WhiteElo "2081"]
[BlackElo "1816"]
[EventDate "2012.08.02"]
[PlyCount "74"]

1.d4 d5 2.c4 e6 3.Nf3 Be7 4.e3 Nf6 5.b3 Nbd7 6.Bd3 c5 7.Nbd2 cxd4 8.exd4 
h6 9.O-O b6 10.Ne5 Bb7 11.Kh1 dxc4 12.Ndxc4 Rc8 13.f3 O-O 14.Bc2 b5 15.
Nxd7 Nxd7 16.Qd3 Nf6 17.Ne5 Qc7 18.Rf2 Qc3 19.Qxc3 Rxc3 20.Bb2 Rc7 21.Bd3 
a6 22.Rc1 Rxc1+ 23.Bxc1 Rd8 24.Bb2 Nd7 25.Rd2 Kf8 26.Nxd7+ Rxd7 27.Be4 Bd5
28.Rc2 Ke8 29.Rc8+ Rd8 30.Rc1 Bf6 31.Rd1 Rc8 32.Bd3 Kd7 33.h3 Bd8 34.Rc1 
Rxc1+ 35.Bxc1 Kc6 36.Bd2 Bb6 37.Bc3 Bc7 1/2-1/2

[Event "30th WCh U20 Girls"]
[Site "Athens GRE"]
[Date "2012.08.08"]
[Round "7"]
[White "Nevioselaya, Maria"]
[Black "Dominguez, Gisella"]
[Result "1-0"]
[WhiteElo "2057"]
[BlackElo "1831"]
[EventDate "2012.08.02"]
[PlyCount "61"]

1.e4 g6 2.d4 Bg7 3.Nc3 d6 4.g3 Nf6 5.Bg2 O-O 6.Nge2 Nbd7 7.O-O e5 8.h3 c6 
9.a4 a5 10.Be3 Re8 11.d5 Qc7 12.Qd2 Rf8 13.Rad1 Ne8 14.g4 Nb6 15.b3 f5 16.
exf5 gxf5 17.gxf5 Bxf5 18.Ng3 Bg6 19.dxc6 bxc6 20.Nb5 Qb7 21.Nxd6 Nxd6 22.
Qxd6 Rac8 23.Qe6+ Kh8 24.Ne4 Rce8 25.Qg4 Rd8 26.Nc5 Qb8 27.Ne6 Rxd1 28.
Rxd1 Re8 29.Bxc6 Rg8 30.Be4 Bxe4 31.Qxe4 1-0

[Event "30th WCh U20 Girls"]
[Site "Athens GRE"]
[Date "2012.08.08"]
[Round "7"]
[White "Moura, Danielle Sena"]
[Black "York-Andersen, Anna"]
[Result "0-1"]
[WhiteElo "1876"]
[BlackElo "1828"]
[EventDate "2012.08.02"]
[PlyCount "74"]

1.d4 Nf6 2.c4 g6 3.Nc3 d5 4.cxd5 Nxd5 5.e4 Nxc3 6.bxc3 Bg7 7.Bc4 c5 8.Ne2 
O-O 9.O-O Nc6 10.Be3 Bg4 11.f3 Bd7 12.Qd2 Qa5 13.dxc5 Rfd8 14.Qc2 e6 15.f4
Bf8 16.Qb3 Bxc5 17.Nd4 Qc7 18.Be2 Na5 19.Qc2 Rac8 20.Rac1 Bb6 21.Rf3 Nc4 
22.Bf2 Be8 23.Qb3 Nd2 24.Qd1 Nxf3+ 25.Bxf3 e5 26.fxe5 Qxe5 27.Kh1 Qa5 28.
Qg1 Rxc3 29.Rd1 Qxa2 30.e5 Bc6 31.Nxc6 Rxd1 32.Qxd1 Qxf2 33.Ne7+ Kg7 34.
Bxb7 Rd3 35.Qb1 Rb3 36.Qd1 Rd3 37.Qb1 Re3 0-1

[Event "30th WCh U20 Girls"]
[Site "Athens GRE"]
[Date "2012.08.08"]
[Round "7"]
[White "Forsa, Elise"]
[Black "Medeiros, Thauane Ferreira"]
[Result "1/2-1/2"]
[WhiteElo "1836"]
[BlackElo "1855"]
[EventDate "2012.08.02"]
[PlyCount "143"]

1.e4 c5 2.Nf3 Nc6 3.d4 cxd4 4.Nxd4 g6 5.Be3 Bg7 6.Be2 Nf6 7.Nc3 O-O 8.O-O 
d6 9.Nb3 Ne5 10.Kh1 Neg4 11.Bg5 Qb6 12.Qe1 h6 13.Bxg4 hxg5 14.Bf3 Kh7 15.
e5 dxe5 16.Qxe5 g4 17.Be2 Bf5 18.Qxe7 Rfe8 19.Qc5 Qxc5 20.Nxc5 Rac8 21.
Nxb7 Rxc3 22.bxc3 Rxe2 23.Nd6 Rxc2 24.Nxf5 gxf5 25.Rac1 Rxa2 26.Ra1 Rc2 
27.Rxa7 Kg6 28.Rc7 Ne4 29.f3 Nd2 30.Rg1 Be5 31.Rc6+ f6 32.fxg4 fxg4 33.Rd1
Ne4 34.Re1 Nxc3 35.Rc4 Kg5 36.Rf1 Re2 37.Rc8 Re4 38.Rg8+ Kh6 39.Rh8+ Kg7 
40.Rd8 Ne2 41.Rd3 Nf4 42.Rb3 Re2 43.Rb4 f5 44.Kg1 Rxg2+ 45.Kh1 Rxh2+ 46.
Kxh2 Nd3+ 47.Kg2 Nxb4 48.Rxf5 Bf6 49.Rf4 Nd5 50.Rxg4+ Kh6 51.Kf3 Bb2 52.
Rg2 Bf6 53.Ke4 Ne7 54.Rf2 Bc3 55.Rf7 Bb4 56.Ke5 Kg5 57.Ke6 Kg4 58.Rg7+ Kf4
59.Rh7 Ba3 60.Rh3 Bc5 61.Rc3 Bd4 62.Rc4 Nf5 63.Rb4 Ke4 64.Rb1 Ne3 65.Rh1 
Kd3 66.Rh4 Ng2 67.Rh3+ Ke4 68.Rb3 Ne3 69.Ra3 Nc4 70.Rh3 Ne3 71.Rg3 Kf4 72.
Rxe3 1/2-1/2

[Event "30th WCh U20 Girls"]
[Site "Athens GRE"]
[Date "2012.08.08"]
[Round "7"]
[White "Psofimi, Milia"]
[Black "Tuzi, Bruna"]
[Result "0-1"]
[WhiteElo "1437"]
[BlackElo "1546"]
[EventDate "2012.08.02"]
[PlyCount "158"]

1.e4 c5 2.Nf3 Nc6 3.d4 cxd4 4.Nxd4 Nf6 5.Nc3 e5 6.Nde2 Bb4 7.a3 Ba5 8.f3 
h6 9.Be3 O-O 10.Qd3 a6 11.Nc1 d5 12.Bd2 dxe4 13.Nxe4 Nxe4 14.fxe4 Bxd2+ 
15.Kxd2 Qg5+ 16.Qe3 Rd8+ 17.Nd3 Qxe3+ 18.Kxe3 a5 19.h3 b6 20.g4 Ba6 21.Rc1
Bxd3 22.Bxd3 Nd4 23.Rhf1 Rac8 24.Rf2 Ne6 25.Rcf1 Nf4 26.h4 Rc7 27.h5 Kf8 
28.Rd1 Ke7 29.Rdf1 Ke6 30.Rh2 Kf6 31.Rd2 Kg5 32.Kf3 Nxd3 33.cxd3 g6 34.Ke3
Rdc8 35.hxg6 fxg6 36.Rff2 Rd8 37.Rc2 Rxc2 38.Rxc2 Rd6 39.Rc8 Kxg4 40.Re8 
h5 41.Rxe5 h4 42.Re7 h3 43.e5 Rc6 44.Rf7 h2 45.Rh7 Kf5 46.Rxh2 Kxe5 47.Rg2
Kf5 48.d4 g5 49.d5 Rg6 50.Rc2 Ke5 51.Rc6 Rxc6 52.dxc6 Kd6 53.Kf3 Kxc6 54.
Kg4 Kd5 55.Kxg5 Kc4 56.Kf4 Kb3 57.Ke5 Kxb2 58.Kd6 Kxa3 59.Kc6 Kb4 60.Kxb6 
a4 61.Kc6 a3 62.Kd5 a2 63.Ke4 a1=Q 64.Kd5 Qc3 65.Ke4 Qd2 66.Ke5 Qd3 67.Kf4
Qe2 68.Kf5 Qe3 69.Kf6 Qe4 70.Kg5 Qf3 71.Kg6 Qf4 72.Kg7 Qf5 73.Kh6 Qg4 74.
Kh7 Qg5 75.Kh8 Kc5 76.Kh7 Kd6 77.Kh8 Ke7 78.Kh7 Kf7 79.Kh8 Qh6# 0-1

[Event "30th WCh U20 Girls"]
[Site "Athens GRE"]
[Date "2012.08.10"]
[Round "8"]
[White "Bulmaga, Irina"]
[Black "Cori Tello, Deysi"]
[Result "1/2-1/2"]
[WhiteElo "2380"]
[BlackElo "2413"]
[EventDate "2012.08.02"]
[PlyCount "86"]

1.e4 e6 2.d4 d5 3.exd5 exd5 4.Nf3 Nc6 5.Bb5 Bd6 6.c4 dxc4 7.d5 a6 8.Ba4 b5
9.dxc6 bxa4 10.O-O Ne7 11.Qxa4 Be6 12.Nc3 O-O 13.Ng5 Bf5 14.Nge4 Ng6 15.
Bg5 Qc8 16.Nxd6 cxd6 17.Qxc4 h6 18.Be3 Ne5 19.Qd4 Qe6 20.Nd5 Nxc6 21.Qd1 
Ne5 22.Nc7 Qg6 23.Nxa8 Bc2 24.Qe2 Bd3 25.Qd1 Bc2 26.Qe2 Bd3 27.Qd1 Rxa8 
28.Bf4 Bxf1 29.Kxf1 Rc8 30.Bxe5 dxe5 31.Rc1 Rb8 32.Qe2 Qe6 33.b3 Rd8 34.
Rc5 e4 35.g3 Kh7 36.Kg2 f5 37.Qe3 Rd3 38.Qf4 Rd5 39.Rxd5 Qxd5 40.h4 Kg6 
41.Qe3 Kh7 42.Qf4 Kg6 43.Qe3 Kh7 1/2-1/2

[Event "30th WCh U20 Girls"]
[Site "Athens GRE"]
[Date "2012.08.10"]
[Round "8"]
[White "Ziaziulkina, Nastassia"]
[Black "Bodnaruk, Anastasia"]
[Result "1-0"]
[WhiteElo "2342"]
[BlackElo "2414"]
[EventDate "2012.08.02"]
[PlyCount "73"]

1.e4 c5 2.Nf3 d6 3.d4 cxd4 4.Nxd4 Nf6 5.Nc3 a6 6.Bg5 e6 7.f4 Be7 8.Qf3 Qc7
9.O-O-O Nbd7 10.Bd3 b5 11.Rhe1 Bb7 12.Qg3 b4 13.Nd5 exd5 14.exd5 Kd8 15.
Nc6+ Bxc6 16.dxc6 Nc5 17.Bh4 Rg8 18.Bf5 Ra7 19.Re5 Na4 20.Qe3 h6 21.Qb3 
Qxc6 22.Qxf7 Rf8 23.Qxg7 Rg8 24.Qxh6 Ne8 25.Rxe7 Rxe7 26.Bxe7+ Kxe7 27.
Qe6+ Kf8 28.Re1 Rg7 29.Bg6 Rxg6 30.Qxg6 Ng7 31.f5 Nc5 32.f6 Nge6 33.f7 Ke7
34.Qf5 Kf8 35.Rxe6 Nxe6 36.Qxe6 Qb5 37.Qe8+ 1-0

[Event "30th WCh U20 Girls"]
[Site "Athens GRE"]
[Date "2012.08.10"]
[Round "8"]
[White "Guo Qi"]
[Black "Kashlinskaya, Alina"]
[Result "1-0"]
[WhiteElo "2358"]
[BlackElo "2391"]
[EventDate "2012.08.02"]
[PlyCount "113"]

1.d4 f5 2.g3 Nf6 3.Bg2 e6 4.c4 c6 5.Nf3 d5 6.O-O Bd6 7.b3 Qe7 8.a4 O-O 9.
Ba3 Bxa3 10.Nxa3 a5 11.Nc2 b6 12.Nce1 Bb7 13.Nd3 Nbd7 14.Rc1 Ne4 15.Nfe5 
Nxe5 16.Nxe5 c5 17.dxc5 bxc5 18.cxd5 exd5 19.Nd3 Rac8 20.Qc2 c4 21.bxc4 
dxc4 22.Qa2 Kh8 23.Nf4 c3 24.Qe6 Qxe6 25.Nxe6 Rf6 26.Nd4 g6 27.Bxe4 fxe4 
28.Rc2 Rc4 29.e3 Rxa4 30.Rxc3 Ra2 31.Rb1 Ba6 32.Rc7 Rb6 33.Rbc1 a4 34.Re7 
Rab2 35.Ne6 Rb8 36.Kg2 R2b7 37.Rxb7 Bxb7 38.Ra1 Ra8 39.Ra3 Kg8 40.g4 Kf7 
41.Ng5+ Ke7 42.Nxh7 Kd6 43.h4 Kc5 44.Kg3 Kb4 45.Ra1 a3 46.h5 Ra6 47.h6 g5 
48.Nxg5 Rxh6 49.Rb1+ Ka5 50.Rb3 Rg6 51.Rxa3+ Kb4 52.Ra7 Bc8 53.Nxe4 Rxg4+ 
54.Kf3 Rh4 55.Rc7 Be6 56.Ng5 Bb3 57.Kg3 1-0

[Event "30th WCh U20 Girls"]
[Site "Athens GRE"]
[Date "2012.08.10"]
[Round "8"]
[White "Wang Jue"]
[Black "Arabidze, Meri"]
[Result "0-1"]
[WhiteElo "2355"]
[BlackElo "2379"]
[EventDate "2012.08.02"]
[PlyCount "130"]

1.e4 c5 2.Nf3 e6 3.d4 cxd4 4.Nxd4 Nc6 5.Nc3 a6 6.Be3 Qc7 7.Qd2 Nf6 8.O-O-O
Be7 9.f3 O-O 10.g4 b5 11.g5 Nh5 12.Kb1 Ne5 13.f4 Ng4 14.e5 Bb7 15.Rg1 b4 
16.Rxg4 bxc3 17.Qxc3 Qxc3 18.bxc3 Rfc8 19.c4 Rab8 20.Nb3 Bc6 21.Bg2 Ba4 
22.f5 exf5 23.Rh4 g6 24.Bd5 Rc7 25.Bd4 Ng7 26.Rg1 Ne6 27.Be3 h5 28.Kc1 Kf8
29.Kd2 Ke8 30.Ke2 Bc6 31.Kf3 Rb4 32.Nd4 Rxc4 33.Bxc6 Nxd4+ 34.Rxd4 Rxd4 
35.Bxd4 Rxc6 36.c3 Rc8 37.h4 Rb8 38.Rg2 Ba3 39.c4 Rb1 40.Rd2 Rh1 41.Bf2 
Rh3+ 42.Kg2 Rc3 43.Rd5 Rc2 44.c5 Bb4 45.Kf3 Rxa2 46.Bd4 Rc2 47.Ke3 a5 48.
Kd3 Rc1 49.Ke2 a4 50.Be3 Rc3 51.Rd1 Bxc5 52.Bd2 Rc4 53.Rb1 a3 54.Rb5 a2 
55.Ra5 Bb4 56.Ra8+ Ke7 57.Be3 Rxh4 58.Kf3 Rh2 59.Kg3 Bc3 60.Bc5+ Ke6 61.
Kxh2 a1=Q 62.Rxa1 Bxe5+ 63.Kh3 Bxa1 64.Bf8 d5 65.Kh4 Be5 0-1

[Event "30th WCh U20 Girls"]
[Site "Athens GRE"]
[Date "2012.08.10"]
[Round "8"]
[White "Goryachkina, Aleksandra"]
[Black "Varga, Klara"]
[Result "1-0"]
[WhiteElo "2361"]
[BlackElo "2181"]
[EventDate "2012.08.02"]
[PlyCount "103"]

1.d4 e6 2.c4 Nf6 3.Nc3 Bb4 4.Qc2 d5 5.cxd5 exd5 6.Bg5 h6 7.Bh4 c5 8.dxc5 
Nc6 9.e3 g5 10.Bg3 Ne4 11.Bd3 Nxc5 12.Ne2 Bxc3+ 13.Qxc3 Qa5 14.Bb1 Qxc3+ 
15.Nxc3 Be6 16.O-O Rd8 17.Nb5 a6 18.Rc1 axb5 19.Rxc5 d4 20.Be4 dxe3 21.
fxe3 O-O 22.Rxb5 f5 23.Bf3 Rd7 24.Rd1 Rfd8 25.Rxd7 Rxd7 26.b3 g4 27.Be2 
Rd2 28.Bc4 Bxc4 29.bxc4 Rd1+ 30.Kf2 Rd2+ 31.Kf1 Rxa2 32.Rxf5 Rc2 33.c5 Kg7
34.Rd5 Na5 35.Bf4 Nb3 36.Rd7+ Kg6 37.Rxb7 Nxc5 38.Rb6+ Kf5 39.Rxh6 Nd3 40.
Bg3 Nb2 41.Rh5+ Ke4 42.Re5+ Kd3 43.Bf4 Nc4 44.Rd5+ Ke4 45.Rd4+ Kf5 46.Ke1 
Nb6 47.Rd2 Rxd2 48.Kxd2 Ke4 49.h3 Nd5 50.Bg5 Nb6 51.h4 Nd5 52.h5 1-0

[Event "30th WCh U20 Girls"]
[Site "Athens GRE"]
[Date "2012.08.10"]
[Round "8"]
[White "Vojinovic, Jovana"]
[Black "Rodriguez Rueda, Paula Andrea"]
[Result "1-0"]
[WhiteElo "2337"]
[BlackElo "2196"]
[EventDate "2012.08.02"]
[PlyCount "67"]

1.Nf3 d5 2.c4 c6 3.b3 Bg4 4.Bb2 Bxf3 5.gxf3 d4 6.b4 e5 7.Qb3 Qb6 8.c5 Qd8 
9.Na3 Nd7 10.Nc4 b5 11.cxb6 axb6 12.f4 c5 13.bxc5 bxc5 14.Nxe5 Nxe5 15.
fxe5 Rb8 16.Qa4+ Qd7 17.Qxd7+ Kxd7 18.Bh3+ Kc6 19.Bg2+ Kd7 20.Rb1 g5 21.
O-O Ke6 22.e3 Rd8 23.Rfe1 Nh6 24.a4 Bg7 25.Ba3 dxe3 26.dxe3 Bxe5 27.Bxc5 
Bc7 28.Bd4 f6 29.Rec1 Bd6 30.Rc6 Rc8 31.Rxc8 Rxc8 32.a5 Nf5 33.Bb6 Bc5 34.
Bb7 1-0

[Event "30th WCh U20 Girls"]
[Site "Athens GRE"]
[Date "2012.08.10"]
[Round "8"]
[White "Petrova, Irina"]
[Black "Schut, Lisa"]
[Result "1/2-1/2"]
[WhiteElo "2173"]
[BlackElo "2305"]
[EventDate "2012.08.02"]
[PlyCount "169"]

1.d4 d5 2.c4 c6 3.Nf3 Nf6 4.Nc3 dxc4 5.a4 e6 6.e3 c5 7.Bxc4 Nc6 8.O-O cxd4
9.exd4 Be7 10.d5 exd5 11.Nxd5 Nxd5 12.Qxd5 Be6 13.Qxd8+ Rxd8 14.Bxe6 fxe6 
15.Bg5 Ne5 16.Nxe5 Bxg5 17.f4 Be7 18.Rac1 O-O 19.g3 Bd6 20.Rc2 g5 21.Nc4 
Bc5+ 22.Kg2 gxf4 23.Rxf4 Rxf4 24.gxf4 Rd4 25.Kf3 Kg7 26.Ne5 b6 27.a5 Kf6 
28.axb6 axb6 29.Ng4+ Kf5 30.Ne3+ Kg6 31.Rg2+ Kf7 32.Ng4 Rd3+ 33.Ke4 Rd4+ 
34.Kf3 Ke7 35.Ne5 Kf8 36.Re2 Bd6 37.Rc2 Bc5 38.Re2 Rd5 39.Rc2 Rd1 40.Ke2 
Rh1 41.Kf3 Ke7 42.Rd2 Ke8 43.Re2 Rf1+ 44.Ke4 h5 45.Nf3 Ke7 46.f5 Kf6 47.
fxe6 Kxe6 48.Rg2 Kf6 49.Rc2 Ra1 50.Rc4 Rb1 51.Rc2 Rd1 52.Kf4 Rd3 53.Rg2 
Rb3 54.Re2 Rb4+ 55.Kg3 b5 56.Ne1 Bd6+ 57.Kg2 Rc4 58.Nd3 b4 59.Nf2 Kf5 60.
Rd2 Be5 61.h3 Rc7 62.Kf3 Rg7 63.Ke2 Rg2 64.Kf1 Rg3 65.Rd3 Rg7 66.Rf3+ Ke6 
67.Nd3 Bd6 68.Nf4+ Bxf4 69.Rxf4 Rf7 70.Rxf7 Kxf7 71.Ke2 Ke6 72.Kd3 Kd5 73.
h4 Kc5 74.b3 Kd5 75.Ke3 Ke5 76.Kd3 Kf4 77.Kc4 Kg4 78.Kxb4 Kxh4 79.Kc5 Kg4 
80.b4 h4 81.b5 h3 82.b6 h2 83.b7 h1=Q 84.b8=Q Qc1+ 85.Kb6 1/2-1/2

[Event "30th WCh U20 Girls"]
[Site "Athens GRE"]
[Date "2012.08.10"]
[Round "8"]
[White "Kulon, Klaudia"]
[Black "Kulkarni, Bhakti Pradip"]
[Result "0-1"]
[WhiteElo "2259"]
[BlackElo "2159"]
[EventDate "2012.08.02"]
[PlyCount "72"]

1.c4 e6 2.e3 d5 3.b3 c5 4.Bb2 d4 5.exd4 cxd4 6.d3 Nc6 7.Nf3 Nf6 8.g3 e5 9.
a3 a5 10.Qe2 Bc5 11.Nxe5 O-O 12.Nxc6 bxc6 13.Kd2 Re8 14.Qd1 Ng4 15.Qf3 Ne5
16.Qg2 Bg4 17.Kc2 Bf3 18.Qg1 Qf6 19.Nd2 Bxh1 20.Qxh1 Qxf2 21.h3 Re6 22.Qg2
Rf6 23.g4 Nxd3 24.Kxd3 Qe3+ 25.Kc2 Rf2 26.Qxf2 Qxf2 27.Bd3 Re8 28.Rf1 Qh2 
29.Rf5 Re5 30.Rf3 Re3 31.Rf5 Qxh3 32.Rh5 Qxg4 33.Rxc5 Re1 34.Bxd4 Qd1+ 35.
Kc3 Qa1+ 36.Kc2 Rc1# 0-1

[Event "30th WCh U20 Girls"]
[Site "Athens GRE"]
[Date "2012.08.10"]
[Round "8"]
[White "Klek, Hanna-Marie"]
[Black "Khaled, Mouna"]
[Result "0-1"]
[WhiteElo "2248"]
[BlackElo "2121"]
[EventDate "2012.08.02"]
[PlyCount "58"]

1.e4 c6 2.Nc3 d5 3.Nf3 Bg4 4.h3 Bxf3 5.Qxf3 e6 6.d4 Bb4 7.Bd2 Ne7 8.O-O-O 
f5 9.exf5 Nxf5 10.Qh5+ g6 11.Qg4 Nd7 12.Be1 Bd6 13.h4 Qf6 14.h5 O-O-O 15.
Kb1 Rdg8 16.Ne2 Nh6 17.Qh3 gxh5 18.Qxh5 Ng4 19.Rd3 Rg6 20.Rf3 Qg7 21.Bd2 
Ndf6 22.Rxf6 Qxf6 23.f3 Nf2 24.Rg1 e5 25.dxe5 Qxe5 26.Qh4 Bc5 27.Bc3 d4 
28.Nxd4 Bxd4 29.Qxd4 Rd6 0-1

[Event "30th WCh U20 Girls"]
[Site "Athens GRE"]
[Date "2012.08.10"]
[Round "8"]
[White "Pon Krithikha, Namasivayam"]
[Black "Abdulla, Khayala"]
[Result "0-1"]
[WhiteElo "2119"]
[BlackElo "2217"]
[EventDate "2012.08.02"]
[PlyCount "132"]

1.e4 c5 2.Nc3 Nc6 3.f4 g6 4.Nf3 Bg7 5.Bb5 e6 6.Bxc6 bxc6 7.d3 d5 8.e5 Ne7 
9.b3 O-O 10.Qe2 Rb8 11.O-O f6 12.Na4 fxe5 13.fxe5 Nf5 14.Nxc5 Qb6 15.Qf2 
d4 16.Na4 Qc7 17.Re1 c5 18.Nb2 Bb7 19.Nc4 Bd5 20.Bf4 Ne7 21.Bg5 Nc6 22.Qg3
Rf7 23.Nd6 Rd7 24.Ne4 Bxe4 25.Rxe4 Nb4 26.Qh3 Re8 27.Bf6 Nd5 28.Bxg7 Rxg7 
29.Ng5 Qe7 30.Qg3 Rf8 31.Rf1 Rf5 32.h4 Ne3 33.Rf2 Nd1 34.Rf3 Ne3 35.Ref4 
Nd5 36.Re4 Ne3 37.Ref4 Nxc2 38.Ne4 Ne3 39.Nd6 Nd5 40.Re4 Nc3 41.Re1 Rxf3 
42.Qxf3 Nd5 43.Rc1 Qxh4 44.g3 Qh5 45.Qf2 Rc7 46.Rxc5 Qd1+ 47.Kh2 Qh5+ 48.
Kg1 Qd1+ 49.Kh2 Ne3 50.Rxc7 Ng4+ 51.Kg2 Nxf2 52.Kxf2 Qd2+ 53.Kg1 Qe1+ 54.
Kg2 Qxe5 55.Rc8+ Kg7 56.Ne4 Qa5 57.a4 h6 58.Rc4 e5 59.Rc5 Qa6 60.Nf2 Qb7+ 
61.Ne4 Qxb3 62.Rxe5 Qxd3 63.Nf2 Qa3 64.a5 Qd6 65.Nd3 Qc6+ 66.Kg1 Qf3 0-1

[Event "30th WCh U20 Girls"]
[Site "Athens GRE"]
[Date "2012.08.10"]
[Round "8"]
[White "Abdumalik, Zhansaya"]
[Black "Ibrahimova, Sabina"]
[Result "1-0"]
[WhiteElo "2193"]
[BlackElo "2091"]
[EventDate "2012.08.02"]
[PlyCount "113"]

1.e4 c5 2.Nf3 Nc6 3.d4 cxd4 4.Nxd4 g6 5.c4 Nf6 6.Nc3 d6 7.Be2 Nxd4 8.Qxd4 
Bg7 9.O-O O-O 10.Bg5 h6 11.Bxf6 Bxf6 12.Qd2 Bg7 13.Rad1 Be6 14.b3 a5 15.
Qe3 Qc7 16.Nb5 Qc8 17.Rc1 Qc5 18.Qxc5 dxc5 19.f4 Rac8 20.Rcd1 Rfd8 21.e5 
Rxd1 22.Rxd1 f6 23.Bf3 fxe5 24.fxe5 b6 25.Na7 Re8 26.Nc6 Kh7 27.Kf2 a4 28.
bxa4 Bxc4 29.Rb1 Ra8 30.Bd1 Ra6 31.Bc2 Bf7 32.Nb8 Ra8 33.Rxb6 Bxe5 34.Nc6 
Bd6 35.a5 c4 36.Ke2 c3 37.Be4 Be6 38.Nxe7 c2 39.Kd2 Rd8 40.Kxc2 Bxa2 41.
Nxg6 Kg7 42.Nh4 Be5 43.Nf5+ Kf8 44.a6 Rc8+ 45.Kd2 Rd8+ 46.Ke2 Rd7 47.Rxh6 
Bc4+ 48.Kf3 Rf7 49.Rc6 Rxf5+ 50.Bxf5 Bd5+ 51.Be4 Bxc6 52.Bxc6 Bb8 53.h4 
Kg7 54.g4 Ba7 55.g5 Bc5 56.Kg4 Bd4 57.h5 1-0

[Event "30th WCh U20 Girls"]
[Site "Athens GRE"]
[Date "2012.08.10"]
[Round "8"]
[White "Osmak, Yulia"]
[Black "De Seroux, Camille"]
[Result "0-1"]
[WhiteElo "2171"]
[BlackElo "2101"]
[EventDate "2012.08.02"]
[PlyCount "72"]

1.e4 c5 2.c3 Nf6 3.e5 Nd5 4.Nf3 Nc6 5.d4 cxd4 6.cxd4 d6 7.Bc4 Nb6 8.Bb5 
Bd7 9.Nc3 dxe5 10.dxe5 g6 11.O-O Bg7 12.Bf4 O-O 13.h3 Rc8 14.Qe2 Be6 15.
Ng5 Nd4 16.Qd2 Rxc3 17.Nxe6 fxe6 18.bxc3 Nxb5 19.a4 Nxc3 20.Qxc3 Rxf4 21.
Rfd1 Qf8 22.Qc7 Nd5 23.Qxb7 Bxe5 24.Rac1 Nc3 25.Qa6 Qf6 26.Re1 Kg7 27.Qc6 
Nxa4 28.Rc2 Nb6 29.Rce2 Rf5 30.Qb7 Nd5 31.g3 Kf7 32.Qb3 Rf3 33.Qc2 Nb4 34.
Qe4 Nd3 35.Rf1 Qf5 36.Kg2 Nf4+ 0-1

[Event "30th WCh U20 Girls"]
[Site "Athens GRE"]
[Date "2012.08.10"]
[Round "8"]
[White "Batkovskyte, Dominyka"]
[Black "Iordanidou, Zoi"]
[Result "0-1"]
[WhiteElo "2096"]
[BlackElo "2166"]
[EventDate "2012.08.02"]
[PlyCount "60"]

1.d4 d5 2.c4 e5 3.dxe5 d4 4.Nf3 Nc6 5.g3 Nge7 6.Bg2 Ng6 7.Bg5 Qd7 8.e6 
Bb4+ 9.Bd2 Bxd2+ 10.Qxd2 fxe6 11.O-O O-O 12.Na3 e5 13.Ng5 Nce7 14.h4 h6 
15.Ne4 Nxh4 16.gxh4 Ng6 17.f3 Nxh4 18.Rf2 Qe8 19.Ng3 Qg6 20.Kh2 Rf4 21.Rh1
Be6 22.e3 dxe3 23.Qxe3 Qxg3+ 24.Kxg3 Nf5+ 25.Kh2 Nxe3 26.Re1 Ng4+ 27.Kg3 
Nxf2 28.Kxf2 Raf8 29.Rxe5 Bxc4 30.Rc5 Bxa2 0-1

[Event "30th WCh U20 Girls"]
[Site "Athens GRE"]
[Date "2012.08.10"]
[Round "8"]
[White "Sihite, Chelsie Monica"]
[Black "Nevioselaya, Maria"]
[Result "1-0"]
[WhiteElo "2162"]
[BlackElo "2057"]
[EventDate "2012.08.02"]
[PlyCount "47"]

1.e4 e5 2.Nf3 Nc6 3.Bc4 Nf6 4.d4 exd4 5.O-O Be7 6.e5 Ne4 7.Bd5 Nc5 8.c3 
dxc3 9.Nxc3 O-O 10.Be3 a6 11.a3 b5 12.b4 Ne6 13.Qc2 Bb7 14.Rfd1 Qc8 15.Be4
g6 16.Nd5 Rd8 17.Bh6 a5 18.Qxc6 Bxc6 19.Nxe7+ Kh8 20.Ng5 Rf8 21.Nxc8 Rfxc8
22.Bxc6 dxc6 23.Nxe6 fxe6 24.Rac1 1-0

[Event "30th WCh U20 Girls"]
[Site "Athens GRE"]
[Date "2012.08.10"]
[Round "8"]
[White "Furtado, Ivana Maria"]
[Black "Anusca, Madalina-Maria"]
[Result "0-1"]
[WhiteElo "2102"]
[BlackElo "2079"]
[EventDate "2012.08.02"]
[PlyCount "132"]

1.d4 d5 2.Nf3 Nf6 3.c4 c6 4.Nc3 a6 5.a4 e6 6.e3 Nbd7 7.Bd3 Bb4 8.O-O O-O 
9.c5 e5 10.Nxe5 Nxe5 11.dxe5 Ng4 12.Be2 Bxc3 13.bxc3 Nxe5 14.Qd4 Re8 15.
Bb2 f6 16.Rad1 Qc7 17.h3 Kh8 18.Bh5 Re7 19.e4 Be6 20.Bc1 Rd7 21.f4 dxe4 
22.Qxe4 Bd5 23.Qf5 Nc4 24.Be2 Rf7 25.Rd4 b5 26.cxb6 Qxb6 27.Kh2 Nd6 28.Qd3
Nb7 29.c4 Nc5 30.a5 Qxa5 31.Qa3 Qxa3 32.Bxa3 Nb3 33.Rdd1 Be4 34.Rd6 Rff8 
35.Re6 Rfe8 36.Rd6 Na5 37.Rf2 Rab8 38.f5 Rb3 39.Re6 Rxe6 40.fxe6 Rxa3 41.
Bh5 Re3 42.Rb2 g6 43.e7 Bd3 44.Rb8+ Kg7 45.e8=Q Rxe8 46.Rxe8 gxh5 47.c5 
Nb3 48.Re1 Bb5 49.Kg3 Nxc5 50.Kf3 a5 51.Ke3 a4 52.Kd4 Nb3+ 53.Kc3 Kg6 54.
g3 Nc5 55.Kd4 Nd3 56.Ra1 Kg5 57.Ra2 Ne5 58.Ke4 c5 59.Ra1 a3 60.Kd5 a2 61.
Kxc5 Bc4 62.Kd4 Be6 63.Kc3 Nc6 64.Kb2 Nb4 65.Re1 Bxh3 66.Ka3 a1=Q+ 0-1

[Event "30th WCh U20 Girls"]
[Site "Athens GRE"]
[Date "2012.08.10"]
[Round "8"]
[White "Aulia, Medina Warda"]
[Black "Cemhan, Kardelen"]
[Result "1-0"]
[WhiteElo "2218"]
[BlackElo "1938"]
[EventDate "2012.08.02"]
[PlyCount "101"]

1.e4 c5 2.Nf3 e6 3.d4 cxd4 4.Nxd4 Nc6 5.Nc3 Qc7 6.Be2 d6 7.O-O Nf6 8.Be3 
Be7 9.f4 a6 10.a4 O-O 11.Kh1 Re8 12.Qd2 Bd7 13.Nb3 Na5 14.Nxa5 Qxa5 15.Bd4
e5 16.Be3 Bc6 17.Bc4 Qc7 18.Bb3 Bf8 19.fxe5 dxe5 20.Bg5 Rad8 21.Qf2 Be7 
22.Bxf6 Bxf6 23.Nd5 Bxd5 24.Bxd5 Re7 25.c4 Rc8 26.b4 a5 27.Rfb1 b6 28.bxa5
bxa5 29.Rb5 Qa7 30.Qd2 Rc5 31.Qxa5 Rc8 32.Qxa7 Rxa7 33.a5 Be7 34.a6 Bc5 
35.Bb7 Rc7 36.Rd1 g6 37.Rd5 Bd4 38.c5 Kg7 39.g3 f5 40.c6 Rxa6 41.Bxa6 Rxc6
42.Bb7 Rc1+ 43.Kg2 Rc2+ 44.Kf1 Rf2+ 45.Ke1 Rxh2 46.exf5 gxf5 47.Rd6 Bf2+ 
48.Kd1 Bxg3 49.Bc6 Bh4 50.Rb7+ Kg8 51.Re6 1-0

[Event "30th WCh U20 Girls"]
[Site "Athens GRE"]
[Date "2012.08.10"]
[Round "8"]
[White "Manelidou, Maria"]
[Black "Imeeva, Aisa"]
[Result "1-0"]
[WhiteElo "2056"]
[BlackElo "2095"]
[EventDate "2012.08.02"]
[PlyCount "113"]

1.e4 c5 2.Nf3 Nc6 3.Bb5 d6 4.c3 Nf6 5.Qe2 Bd7 6.O-O a6 7.Ba4 b5 8.Bc2 e5 
9.h3 Qb6 10.Rd1 Be7 11.d3 O-O 12.Be3 a5 13.d4 cxd4 14.cxd4 Qb7 15.Nc3 Rfc8
16.Rac1 Bf8 17.Nxb5 Nb4 18.Nc3 a4 19.dxe5 dxe5 20.Nxe5 Be6 21.Bb1 a3 22.b3
Ra5 23.Ng4 Nxg4 24.hxg4 g6 25.Na4 Re8 26.Nc5 Bxc5 27.Rxc5 Raa8 28.Qb5 Qxb5
29.Rxb5 Bxb3 30.Rd2 Rec8 31.Rxb4 Rc1+ 32.Kh2 Rxb1 33.Rxb3 Rxb3 34.axb3 a2 
35.Bd4 Rd8 36.Rxa2 Rxd4 37.f3 Rb4 38.Rb2 Kf8 39.Kg3 Ke7 40.Kf4 h6 41.Ke5 
Rb5+ 42.Kd4 Kd6 43.b4 Kc6 44.Kc4 h5 45.gxh5 Rxh5 46.Ra2 Kb6 47.Ra8 f5 48.
Rg8 Rh6 49.e5 Kc6 50.b5+ Kd7 51.Kd5 Rh1 52.e6+ Ke7 53.Rxg6 Rb1 54.Rg7+ Kf6
55.Rf7+ Kg6 56.Rb7 Kf6 57.e7 1-0

[Event "30th WCh U20 Girls"]
[Site "Athens GRE"]
[Date "2012.08.10"]
[Round "8"]
[White "Messam-Sparks, Lateefah"]
[Black "Orozco Lopez, Lina Yomayra"]
[Result "0-1"]
[WhiteElo "1947"]
[BlackElo "2150"]
[EventDate "2012.08.02"]
[PlyCount "136"]

1.d4 Nf6 2.c4 c5 3.d5 b5 4.cxb5 a6 5.bxa6 d6 6.Nc3 g6 7.g3 Bg7 8.Bg2 O-O 
9.Nf3 Bxa6 10.O-O Nbd7 11.Re1 Qa5 12.Qc2 Rfb8 13.Nd2 Ra7 14.h3 Ne8 15.Nb3 
Qb4 16.Nd2 Rab7 17.Kh2 Bd4 18.e3 Bg7 19.Bf1 Bxf1 20.Rxf1 Nc7 21.e4 Qa5 22.
f4 Na6 23.Nc4 Qc7 24.a4 Ra8 25.Nb5 Nb4 26.Qb1 Qb8 27.Nc3 Bxc3 28.bxc3 Nxd5
29.Qd3 Nc7 30.f5 Qf8 31.a5 Qg7 32.Ra2 Rb3 33.Rf3 Na6 34.Qd5 Rab8 35.fxg6 
hxg6 36.Raf2 Nf6 37.Qc6 Rb1 38.Rf1 Ng4+ 39.hxg4 Rxc1 40.Rxc1 Qh6+ 41.Kg2 
Qxc1 42.Rf1 Qc2+ 43.Rf2 Qc1 44.Nd2 Kg7 45.Qxa6 f6 46.Qa7 Re8 47.Qd7 Kf7 
48.g5 Rh8 49.Nf1 Qxg5 50.Qc6 Qg4 51.Rf3 Qh3+ 52.Kf2 Rb8 53.Qd5+ Kg7 54.Qa2
Qg4 55.Re3 Qd1 56.Re1 Qd3 57.Qd2 Qc4 58.g4 Rb3 59.Ne3 Qb5 60.c4 Qb7 61.Nc2
Qc8 62.Re3 Rb1 63.Na3 Rh1 64.Kg2 Qh8 65.Qd3 Qh2+ 66.Kf3 Rg1 67.e5 Qg2+ 68.
Kf4 Qxg4# 0-1

[Event "30th WCh U20 Girls"]
[Site "Athens GRE"]
[Date "2012.08.10"]
[Round "8"]
[White "Nonkovic, Bogdana"]
[Black "Semenova, Elena"]
[Result "0-1"]
[WhiteElo "1950"]
[BlackElo "2134"]
[EventDate "2012.08.02"]
[PlyCount "68"]

1.Nf3 d5 2.d4 Nf6 3.c4 e6 4.g3 dxc4 5.Qa4+ Nbd7 6.Bg2 a6 7.Nc3 c5 8.O-O 
Nd5 9.Qxc4 b5 10.Qd3 Bb7 11.dxc5 Bxc5 12.Ne4 Be7 13.a3 O-O 14.b3 f5 15.
Neg5 Nc5 16.Qd1 h6 17.b4 hxg5 18.bxc5 Bf6 19.Ra2 Nc3 20.Qxd8 Rfxd8 21.Rd2 
g4 22.Nh4 Rxd2 23.Bxd2 Nxe2+ 24.Kh1 Bxg2+ 25.Nxg2 Rc8 26.Bb4 Kf7 27.Re1 
Nd4 28.Ne3 Nc6 29.Bd2 Ne5 30.Bb4 Nd3 31.Re2 Bd4 32.Nc2 Bxc5 33.Kg2 Bb6 34.
Rd2 Nxf2 0-1